Music Quiz

Random Music or Rock Quiz
Score 0/63 Timer 05:00
7 Plays Today
% Correct
Home
96.4%
New
95.6%
Nothin'
94.9%
Like
93.8%
Eyed
92.5%
Good
91%
Rising
90.8%
Save
90%
Night
88.6%
Yellow
88.5%
Ivory
88%
Over
85.8%
Style
85.5%
Strawberry
85.1%
Ice
85.1%
Clock
84.7%
Gone
83.5%
Ride
83.3%
Out
82.1%
Suede
82%
Alive
81.7%
Ever
80.7%
Give
80.2%
Eyes
79.5%
Buy
79.2%
Losing
79.2%
Again
78.6%
Jelly
77.7%
Off
76.4%
Jagger
76.2%
Run
74.9%
Love
74.8%
% Correct
Eleanor
74.6%
Stop
73.8%
Spring
72.9%
Prison
70.1%
Knife
68.6%
Auld
68%
Air
66.9%
Onion
66.5%
Understand
63.9%
Bombs
63.4%
Buttercup
63.2%
Eastwood
62.4%
Nation
61.3%
Lobster
61.1%
River
60.9%
Cabbage
58.9%
Sweet
57.4%
Sushi
54.4%
Sausage
52.6%
Empire
49.5%
Into
44.2%
Uncle
43.6%
Anarchy
42.6%
Kaiser
38.7%
Dinner
38.3%
Imagination
37.5%
Instant
37.2%
Nervous
36.6%
Stealing
33%
Dizzy
30.1%
Train
21.2%
Remove Ads.
Support Sporcle.
Get the best of Sporcle when you Go Orange. This ad-free experience offers more features, more stats, and more fun while also helping to support Sporcle. Thank you for becoming a member.

You're not logged in!

Compare scores with friends on all Sporcle quizzes.
OR
Log In

Show Comments

Extras

Top Quizzes Today


Score Distribution

Your Account Isn't Verified!

In order to create a playlist on Sporcle, you need to verify the email address you used during registration. Go to your Sporcle Settings to finish the process.

Report this User

Report this user for behavior that violates our Community Guidelines.

Details: